Statistics for Countries Breakdown Puzzle #4

Click here to take the quiz!

General Stats

  • This quiz has been taken 23,630 times
  • The average score is 18 of 30

Answer Stats

HintAnswer% Correct
Actor PittBRAD
94%
Bring water to 100º CBOIL
89%
Where the sun risesEAST
88%
Tolstoy's ___ and PeaceWAR
88%
Beam of sunRAY
87%
Uncle Sam's landUSA
87%
Skating areaRINK
78%
___ de ToiletteEAU
77%
Personally possessOWN
76%
Da Vinci Code's BrownDAN
75%
"Black gold"OIL
75%
Snout, proboscisNOSE
68%
Knife's cutting edgeBLADE
67%
Charged atomION
67%
Galahad's titleSIR
64%
NORWAY
62%
RWANDA
61%
RUSSIA
59%
The Jungle Book's settingINDIA
51%
Tropical fruitMANGO
51%
State of unconsciousnessCOMA
49%
Constricting snakesBOAS
47%
Executes by gallowsHANGS
42%
UKRAINE
38%
ESTONIA
36%
INDONESIA
34%
MONGOLIA
33%
BARBADOS
30%
BANGLADESH
28%
COLOMBIA
28%

Score Distribution

Percentile by Number Answered

Percent of People with Each Score

Your Score History

You have not taken this quiz